[Event "BIH-chT1"]
[Site "Dvorovi"]
[Date "2016.08.12"]
[Round "7"]
[White "Pastar, Slaven"]
[Black "Djurdjevic, Boris"]
[Result "1-0"]
[WhiteElo "2238"]
[BlackElo "2208"]
[PlyCount "68"]
[EventDate "2016.08.06"]
[EventType "team-tourn"]
[EventRounds "9"]
[EventCountry "BIH"]
[SourceTitle "CBM 174 Extra"]
[Source "ChessBase"]
[SourceDate "2016.10.10"]
[SourceVersion "1"]
[SourceVersionDate "2016.10.10"]
[SourceQuality "1"]

1. e4 c5 2. Nc3 g6 3. f4 Bg7 4. Nf3 Nc6 5. Bb5 Nd4 6. 0-0 Nxb5 7. Nxb5 d5 8. e5 d4 9. a4 a6 10. Na3 b5 11. Qe2 Bd7 12. Ng5 e6 13. axb5 axb5 14. Nxb5 Rxa1 15. Nd6+ Kf8 16. Ngxf7 Qa8 17. d3 Ne7 18. Nxh8 Bxh8 19. g4 Kg8 20. f5 exf5 21. e6 Bc6 22. Qf2 Bh1 23. gxf5 gxf5 24. Qg3+ Bg7 25. Kf2 Qd5 26. Rg1 Qf3+ 27. Qxf3 Bxf3 28. Kxf3 Kf8 29. Be3 Ra6 30. Bf4 Ng6 31. Rg5 Nxf4 32. e7+ Kxe7 33. Rxg7+ Kxd6 34. Kxf4 Ra2 1-0